Experimentelle Untersuchung der Stabilitaet instrumentell-aggressiven Verhaltens bei Meßwiederholungen in verschiedenen Zeitabständen
| Authors: | ; ; |
|---|---|
| Format: | Print Book |
| Language: | German |
| Published: |
Bielefeld
1977
|
| In: |
Bielefelder Arbeiten zur Sozialpsychologie (18)
Year: 1977 |
| Availability in Albert-Krebs Library: | FC.10.005 1997-1185 |
| Check availability: | HBZ Gateway |
| Subito Delivery Service: | Order now. |
| Keywords: | |
| Parallel Edition: | Electronic
|
MARC
| LEADER | 00000cam a22000002c 4500 | ||
|---|---|---|---|
| 001 | 1076621368 | ||
| 003 | DE-627 | ||
| 005 | 20251204011919.0 | ||
| 007 | tu | ||
| 008 | 850101s1977 gw ||||| 00| ||ger c | ||
| 035 | |a (DE-627)1076621368 | ||
| 035 | |a (DE-576)006621368 | ||
| 035 | |a (DE-599)BSZ006621368 | ||
| 035 | |a (OCoLC)256609809 | ||
| 035 | |a (OCoLC)310527688 | ||
| 040 | |a DE-627 |b ger |c DE-627 |e rakwb | ||
| 041 | |a ger | ||
| 044 | |c XA-DE | ||
| 084 | |a 2,1 |2 ssgn | ||
| 084 | |a CP 3800 |2 rvk |0 (DE-625)rvk/18982: | ||
| 100 | 1 | |a Mummendey, Hans Dieter |d 1940- |0 (DE-588)115796754 |0 (DE-627)077478983 |0 (DE-576)162324251 |4 aut | |
| 109 | |a Mummendey, Hans Dieter 1940- |a Mummendey, H. D. 1940- |a Schmidt, H. D. 1940- |a Mummendey, Hans D. 1940- |a Mummendey, Hans-Dieter 1940- |a Brackwede, Dietrich 1940- |a Schmidt, Hans Dieter 1940- |a Schmidt, Hans-Dieter 1940- |a Brackwede, Dietrich von 1940- |a Barnhausen, Walter 1940- | ||
| 245 | 1 | 0 | |a Experimentelle Untersuchung der Stabilitaet instrumentell-aggressiven Verhaltens bei Meßwiederholungen in verschiedenen Zeitabständen |c Hans D. Mummendey; Bernd Schiebel; Uwe Troske |
| 264 | 1 | |a Bielefeld |c 1977 | |
| 300 | |a 21 Bl. | ||
| 336 | |a Text |b txt |2 rdacontent | ||
| 337 | |a ohne Hilfsmittel zu benutzen |b n |2 rdamedia | ||
| 338 | |a Band |b nc |2 rdacarrier | ||
| 490 | 1 | |a Bielefelder Arbeiten zur Sozialpsychologie |v 18 | |
| 500 | |a Mit Bibliogr | ||
| 583 | 1 | |a Archivierung prüfen |c 20200919 |f DE-640 |z 2 |2 pdager | |
| 650 | 0 | 7 | |0 (DE-588)4015999-1 |0 (DE-627)106334530 |0 (DE-576)20891448X |a Experiment |2 gnd |
| 650 | 4 | |a Aggression |x Forschung |7 (dpeaa)DE-2619 | |
| 650 | 4 | |a Experiment | |
| 700 | 1 | |a Schiebel, Bernd |4 aut | |
| 700 | 1 | |a Troske, Uwe |4 aut | |
| 776 | 0 | 8 | |i Erscheint auch als |n Online-Ausgabe |a Mummendey, Hans Dieter, 1940 - |t Experimentelle Untersuchung der Stabilitaet instrumentell-aggressiven Verhaltens bei Meßwiederholungen in verschiedenen Zeitabständen |d Bielefeld, 1977 |h 1 Online-Ressource (21 Bl.) |w (DE-627)1915885442 |k Electronic |
| 830 | 0 | |a Bielefelder Arbeiten zur Sozialpsychologie |v 18 |9 18 |w (DE-627)319546675 |w (DE-576)015806812 |w (DE-600)549563-5 |7 am | |
| 889 | |w (DE-576)9058771210 | ||
| 889 | |w (DE-627)058771212 | ||
| 935 | |a mkri | ||
| 935 | |i mdedup | ||
| 936 | r | v | |a CP 3800 |b Aggression, Frustration |k Psychologie |k Allgemeine Psychologie |k Konflikt, Angst, Aggression, Frustration, Stress |k Aggression, Frustration |0 (DE-627)1270707809 |0 (DE-625)rvk/18982: |0 (DE-576)200707809 |
| 951 | |a BO | ||
| ELC | |b 1 | ||
| LOK | |0 000 xxxxxcx a22 zn 4500 | ||
| LOK | |0 001 2051975086 | ||
| LOK | |0 003 DE-627 | ||
| LOK | |0 004 1076621368 | ||
| LOK | |0 005 20100407035451 | ||
| LOK | |0 008 030313||||||||||||||||ger||||||| | ||
| LOK | |0 040 |a DE-21-51 |c DE-627 |d DE-21-51 | ||
| LOK | |0 541 |e 11157 | ||
| LOK | |0 852 |a DE-21-51 | ||
| LOK | |0 852 1 |c Mz 39.2 |m p |9 00 | ||
| LOK | |0 852 2 |b angebunden |9 00 | ||
| LOK | |0 935 |a ange |a k051 | ||
| LOK | |0 938 |k p | ||
| LOK | |0 939 |a 13-03-03 |b l01 | ||
| LOK | |0 000 xxxxxcx a22 zn 4500 | ||
| LOK | |0 001 4196269206 | ||
| LOK | |0 003 DE-627 | ||
| LOK | |0 004 1076621368 | ||
| LOK | |0 005 20221108074522 | ||
| LOK | |0 008 221011||||||||||||||||ger||||||| | ||
| LOK | |0 035 |a (DE-2619)k02296 | ||
| LOK | |0 040 |a DE-2619 |c DE-627 |d DE-2619 | ||
| LOK | |0 092 |o n | ||
| LOK | |0 541 |e Bestand Albert-Krebs-Bibliothek: 1997-1185 | ||
| LOK | |0 852 |a DE-2619 | ||
| LOK | |0 852 1 |c FC.10.005 |m p |9 00 | ||
| LOK | |0 935 |a kreb | ||
| LOK | |0 938 |k p | ||
| LOK | |0 939 |a 11-10-22 |b l01 | ||
| ORI | |a SA-MARC-krimdoka001.raw | ||
